Statistiques concernant Aliments commençant par D et E

Cliquez ici pour prendre le quiz!

Statistiques générales

  • Ce quiz a été pris 1 616 fois
  • Le résultat moyen est 12 sur 20

Statistiques - réponses

Réponse% Correct
Donut
98%
Datte
94%
Éclair
93%
Dragibus
92%
Escargot
91%
Dinde
88%
Emmental
88%
Doritos
85%
Endive
83%
Échalote
69%
Dorade
64%
Espresso
59%
Epinard
56%
Durian
42%
Diabolo
34%
Écrevisse
33%
Enchiladas
20%
Estragon
17%
Divorcé
8%
Dorayaki
5%

Distribution des résultats

Percentile par nombre de réponses

% des personnes avec chaque résultat

Votre développement - résultats

Vous n’avez pas pris ce quiz